Lectoescritura, afectos y sostén vincular (Record no. 71868)

MARC details
000 -CABECERA
campo de control de longitud fija 00551nam a2200205 a 4500
005 - FECHA Y HORA DE LA ÚLTIMA TRANSACCIÓN
campo de control 20210223123943.0
008 - ELEMENTOS DE LONGITUD FIJA--INFORMACIÓN GENERAL
campo de control de longitud fija 991125n 000 0 spa u
035 ## - NÚMERO DE CONTROL DEL SISTEMA
Número de control de sistema UPN01000085375
100 ## - ASIENTO PRINCIPAL--NOMBRE PERSONAL
Nombre de persona REY, Rosa Maria
9 (RLIN) 42130
222 ## - TÍTULO CLAVE
Título clave EDUCACION EN LOS PRIMEROS AÑOS
245 ## - MENCIÓN DE TÍTULO
Título Lectoescritura, afectos y sostén vincular
300 ## - DESCRIPCIÓN FÍSICA
Extensión 66-77
362 ## - FECHAS DE PUBLICACIÓN Y/O DESIGNACIÓN SECUENCIAL
Fecha de publicación y/o designación secuencial 1998 Año 1, no. 1, jun.
653 0# - TERMINO DE INDIZACION - NO CONTROLADO
Término no controlado ALFABETIZACION INICIAL
653 0# - TERMINO DE INDIZACION - NO CONTROLADO
Término no controlado ESCRITURA
653 0# - TERMINO DE INDIZACION - NO CONTROLADO
Término no controlado JARDIN DE NIÑOS
653 0# - TERMINO DE INDIZACION - NO CONTROLADO
Término no controlado LECTURA
904 ## - ELEMENTOS DE DATOS D LOCAL, LDD (RLIN)
a AC
b 023186
905 ## - TIPO DE MATERIAL
Tipo de material Articulo

No items available.